Culture Générale Française #3 - Statistiques

Statistiques générales
  • Ce quiz a été pris 2 794 fois
  • Le résultat moyen est 9 sur 20
Statistiques - réponses
Question Réponse % Correct
De quel film provient la chanson "Vois sur ton chemin" ? Les Choristes
85%
Quel animal se trouve sur le logo de la Caisse d'épargne ? Écureuil
81%
Que garde le ministre de la Justice ? Sceaux
77%
Quelle était la profession de Roland Garros ? Aviateur
70%
De quelle région viticole proviennent le Saint-Émillion, le Médoc et le Sauternes ? Bordelais
70%
Pour quelle raison le 15 août est-il férié ? Assomption
64%
Quel mot peut désigner la belle-fille ? Bru
55%
De quelle ville Patrick Balkany a-t-il été le maire pendant 31 ans ? Levallois-Perret
54%
Quelle était la spécialité de la cuisinière du Mont Saint-Michel, la mère Poulard ? Omelette
45%
Quel était l'instrument de prédilection d'Yvette Horner ? Accordéon
43%
Qui présentait l'émission Ushuaïa ? Nicolas Hulot
42%
Quelle monument a été conçu par Ieoh Ming Pei et inaugurée en 1989 ? Pyramide du Louvre
34%
De quel ville était originaire le corsaire Surcouf ? Saint-Malo
34%
Qui est allé cherché le trésor des rois de France dans l'aiguille d'Étretat ? Arsène Lupin
33%
Qui est la sœur de Françoise Dorléac ? Catherine Deneuve
30%
Qui aurait déclaré vouloir que chaque Français puisse avoir une poule au pot le dimanche ? Henri IV
30%
Quel quotidien régional trouve son siège de la rédaction à Grenoble ? Le Dauphiné libéré
29%
Quel département porte le nom d'un fleuve bien qu'il n'y coule pas ? Var
24%
Qu'est-ce qui a été autorisé par la loi Neuwirth, le 19 décembre 1967 ? Contraception
14%
Quelle commune a connu la température la plus basse de France métropolitaine (-36.7°C) ? Mouthe
13%
Aucun quiz correspondant
Distribution des résultats
% des personnes avec chaque résultat
Percentile par nombre de réponses
Votre historique - résultats
Vous n’avez pas pris ce quiz